And quiet flows the don : (Record no. 1676)
[ view plain ]
| 000 -LEADER | |
|---|---|
| fixed length control field | 01203nac a22003131u 4500 |
| 003 - CONTROL NUMBER IDENTIFIER | |
| control field | EG-ScBUE |
| 005 - DATE AND TIME OF LATEST TRANSACTION | |
| control field | 20220327152321.0 |
| 008 - FIXED-LENGTH DATA ELEMENTS--GENERAL INFORMATION | |
| fixed length control field | 200219n19uu ru a f 000 0 eng d |
| 040 ## - CATALOGING SOURCE | |
| Original cataloging agency | EG-ScBUE |
| Language of cataloging | eng |
| Description conventions | rda |
| Transcribing agency | EG-ScBUE |
| Modifying agency | EG-ScBUE |
| 041 1# - LANGUAGE CODE | |
| Language code of text/sound track or separate title | eng |
| Language code of original and/or intermediate translations of text | rus |
| 043 ## - GEOGRAPHIC AREA CODE | |
| Geographic area code | e-ur--- |
| 082 04 - DEWEY DECIMAL CLASSIFICATION NUMBER | |
| Classification number | 891.7342 |
| Item number | SHO |
| Edition number | 22 |
| 100 1# - MAIN ENTRY--PERSONAL NAME | |
| Personal name | Sholokhov, Mikhail Aleksandrovich, |
| Dates associated with a name | 1905-1984, |
| Relator term | author. |
| 245 10 - TITLE STATEMENT | |
| Title | And quiet flows the don : |
| Remainder of title | a novel in four books / |
| Statement of responsibility, etc | Mikhail Sholokhov ; translated from the Russian by Stephen Garry ; revised and completed by Robert Daglish. |
| 250 ## - EDITION STATEMENT | |
| Edition statement | Second impression. |
| 264 #1 - PUBLICATION, DISTRIBUTION, ETC. (IMPRINT) | |
| Place of publication, distribution, etc | Moscow : |
| Name of publisher, distributor, etc | Progress Publishers, |
| Date of publication, distribution, etc | [19--?] |
| 300 ## - PHYSICAL DESCRIPTION | |
| Extent | 1 volume : |
| Other physical details | illustrations ; |
| Dimensions | 17 cm |
| 336 ## - CONTENT TYPE | |
| Source | rdacontent |
| Content type term | text |
| Content type code | txt |
| 337 ## - MEDIA TYPE | |
| Source | rdamedia |
| Media type term | unmediated |
| Media type code | n |
| 338 ## - CARRIER TYPE | |
| Source | rdacarrier |
| Carrier type term | volume |
| Carrier type code | nc |
| 546 ## - LANGUAGE NOTE | |
| Language note | Text in English ; translated from the original Russian.<br/> |
| 651 #7 - SUBJECT ADDED ENTRY--GEOGRAPHIC NAME | |
| Geographic name | Soviet Union |
| General subdivision | History |
| Chronological subdivision | Revolution, 1917-1921. |
| Source of heading or term | BUEsh |
| 653 ## - INDEX TERM--UNCONTROLLED | |
| Resource For college | Generalities |
| Arrived date list | March2022 |
| 655 ## - INDEX TERM--GENRE/FORM | |
| Genre/form data or focus term | War storie |
| Form subdivision | Reading book |
| 700 1# - ADDED ENTRY--PERSONAL NAME | |
| Personal name | Garry, Stephen, |
| Relator term | translator. |
| 9 (RLIN) | 39830 |
| 700 1# - ADDED ENTRY--PERSONAL NAME | |
| Personal name | Daglish, Robert, |
| Dates associated with a name | 1924-1987, |
| Relator term | reviewer. |
| 942 ## - ADDED ENTRY ELEMENTS (KOHA) | |
| Koha item type | Book - Borrowing |
| Source of classification or shelving scheme | Dewey Decimal Classification |
| Withdrawn status | Lost status | Damaged status | Not for loan | Home library | Current library | Shelving location | Date acquired | Source of acquisition | Total Checkouts | Full call number | Barcode | Date last seen | Date checked out | Price effective from | Koha item type |
|---|---|---|---|---|---|---|---|---|---|---|---|---|---|---|---|
| Central Library | Central Library | Second Floor | 04/12/2006 | Purchase | 1 | 891.7342 SHO | 000002665 | 15/07/2025 | 31/10/2021 | 04/12/2006 | Book - Borrowing |